[Event "Condigne Dutch Open 2018"]
[Site "Dieren"]
[Date "2018.08.01"]
[Round "8"]
[White "De Jong, Tom"]
[Black "Van Meegen, Ruud"]
[Result "1/2-1/2"]
[WhiteElo "2201"]
[BlackElo "2222"]
[Annotator "NA"]
[PlyCount "113"]
[EventDate "2018.07.24"]
[EventType "swiss"]
[EventCountry "NED"]
[SourceTitle "playchess.com"]
[Source "ChessBase"]
[SourceQuality "1"]
[TimeControl "40/5400+30:1800+30"]

1. e4 {[%emt 0:00:00]} c6 {[%emt 0:00:00]} 2. d4 {[%emt 0:00:00]} d5 {[%emt 0:00:00]} 3. exd5 {[%emt 0:00:19]} cxd5 {[%emt 0:00:00]} 4. c4 {[%emt 0:00:05]} Nf6 {[%emt 0:00:00]} 5. Nc3 {[%emt 0:00:07]} Nc6 {[%emt 0:00:12]} 6. Nf3 {[%emt 0:00:54]} Be6 {[%emt 0:00:30]} 7. c5 {[%emt 0:08:56]} g6 {[%emt 0:00:17]} 8. Bd3 {[%emt 0:05:59]} Bg7 {[%emt 0:00:42]} 9. O-O {[%emt 0:00:07]} Bg4 {[%emt 0:08:43]} 10. Be2 {[%emt 0:03:51]} O-O {[%emt 0:10:32]} 11. h3 {[%emt 0:01:19]} Bf5 {[%emt 0:00:21]} 12. Bf4 {[%emt 0:03:15]} Ne4 {[%emt 0:05:55]} 13. Bb5 {[%emt 0:12:10]} Nxc3 {[%emt 0:15:04]} 14. bxc3 {[%emt 0:02:47]} Na5 {[%emt 0:02:47]} 15. Re1 {[%emt 0:02:32]} a6 {[%emt 0:09:09]} 16. Bf1 {[%emt 0:09:06]} Re8 {[%emt 0:07:35]} 17. g4 {[%emt 0:05:17]} Bd7 {[%emt 0:02:58]} 18. Rb1 {[%emt 0:00:16]} Ra7 {[%emt 0:03:00]} 19. Be5 {[%emt 0:06:08]} Bc6 {[%emt 0:04:29]} 20. Bxg7 {[%emt 0:01:10]} Kxg7 {[%emt 0:00:08]} 21. Ne5 {[%emt 0:00:38]} Qc7 {[%emt 0:01:49]} 22. Qf3 {[%emt 0:03:42]} Rf8 {[%emt 0:00:07]} 23. Rb6 {[%emt 0:03:06]} Qd8 {[%emt 0:04:59]} 24. Nxc6 {[%emt 0:06:18]} Nxc6 {[%emt 0:00:48]} 25. Qf4 {[%emt 0:01:07]} Qd7 {[%emt 0:14:06]} 26. Bg2 {[%emt 0:09:18]} e6 {[%emt 0:01:38]} 27. Reb1 {[%emt 0:00:58]} Rd8 {[%emt 0:00:58]} 28. h4 {[%emt 0:02:30]} Qe7 {[%emt 0:01:09]} 29. h5 {[%emt 0:01:23]} Rd7 {[%emt 0:01:36]} 30. h6+ {[%emt 0:01:28]} Kg8 {[%emt 0:00:28]} 31. g5 {[%emt 0:03:33]} Ra8 {[%emt 0:00:21]} 32. Rxc6 {[%emt 0:02:11]} bxc6 {[%emt 0:00:08]} 33. Qe5 {[%emt 0:00:26]} Qf8 {[%emt 0:00:53]} 34. Rb6 {[%emt 0:00:15]} Rc8 {[%emt 0:01:25]} 35. Bf1 {[%emt 0:00:15]} f6 {[%emt 0:01:15]} 36. gxf6 {[%emt 0:02:50]} Kf7 {[%emt 0:00:22]} 37. Bxa6 {[%emt 0:02:12]} Rcc7 {[%emt 0:00:33]} 38. Bf1 {[%emt 0:00:50]} Qd8 {[%emt 0:01:11]} 39. a4 {[%emt 0:00:48]} Qxf6 {[%emt 0:00:09]} 40. a5 {[%emt 0:01:21]} g5 {[%emt 0:02:32]} 41. Bd3 {[%emt 0:02:44]} Qxh6 {[%emt 0:13:55]} 42. Rb8 {[%emt 0:02:13]} Qg7 {[%emt 0:05:47]} 43. Qh2 {[%emt 0:00:42]} Ke7 {[%emt 0:02:53]} 44. Bxh7 {[%emt 0:04:33]} Rb7 {[%emt 0:00:24]} 45. Rxb7 {[%emt 0:02:11]} Rxb7 {[%emt 0:00:06]} 46. Qd6+ {[%emt 0:00:08]} Kf6 {[%emt 0:01:01]} 47. a6 {[%emt 0:04:49]} Rd7 {[%emt 0:01:32]} 48. Qe5+ {[%emt 0:01:15]} Kf7 {[%emt 0:00:06]} 49. Qh2 {[%emt 0:04:17]} Ra7 {[%emt 0:06:01]} 50. Qb8 {[%emt 0:02:56]} Kf6 {[%emt 0:00:11]} 51. Bd3 {[%emt 0:00:23]} Rc7 {[%emt 0:00:47]} 52. Kg2 {[%emt 0:01:22]} Qf7 {[%emt 0:00:39]} 53. Qd8+ {[%emt 0:01:31]} Qe7 {[%emt 0:00:09]} 54. Qg8 {[%emt 0:01:41]} Qf7 {[%emt 0:00:26]} 55. Qd8+ {[%emt 0:01:03]} Qe7 {[%emt 0:00:08]} 56. Qg8 {[%emt 0:01:31]} Qg7 {[%emt 0:00:19]} 57. Qd8+ {[%emt 0:00:51]} 1/2-1/2

[Event "Condigne Dutch Open 2018"]
[Site "Dieren"]
[Date "2018.08.01"]
[Round "8"]
[White "Sparenberg, Erik"]
[Black "Hendriks, Willy"]
[Result "0-1"]
[WhiteElo "2173"]
[BlackElo "2417"]
[Annotator "TA"]
[PlyCount "80"]
[EventDate "2018.07.24"]
[EventType "swiss"]
[EventCountry "NED"]
[SourceTitle "playchess.com"]
[Source "ChessBase"]
[SourceQuality "1"]

{[%evp 15,80,0,17,-12,-12,-14,0,0,0,0,0,-34,-41,-43,-43,-69,-67,-107,-40,-171,-195,-193,-158,-179,-175,-216,-179,-181,-156,-164,-8,-420,-202,-203,-203,-211,-209,-217,-211,-210,-212,-205,-216,-213,-213,-210,-125,-133,-120,-355,-355,-355,-347,-340,-335,-382,-367,-550,-569,-2216,-1891,-6231,-5306,-29980,-29981,-29980,-29981]} 1. d4 Nf6 2. g3 g6 3. Bg2 Bg7 4. e4 d6 5. Ne2 O-O 6. O-O e5 7. c3 c6 8. Nd2 Nbd7 9. b3 {B06: Modern Defence} (9. dxe5 dxe5 10. Nc4 Qe7 11. Qd6 Qxd6 12. Nxd6 Rd8 13. Be3 Bf8 14. Rfd1 Nb6 15. Nxc8 Raxc8 16. b3 Nfd7 {½-½ (51) Khotenashvili,B (2513)-Huang,Q (2473) Sochi 2015}) 9... Re8 $146 ({Predecessor:} 9... d5 10. Bb2 Nxe4 11. Nxe4 dxe4 12. Bxe4 exd4 13. Nxd4 Re8 14. Re1 Nc5 15. Bc2 h5 16. Rxe8+ Qxe8 17. Qf1 Ne6 18. Re1 Qf8 19. Nxe6 Bxe6 20. Bxg6 fxg6 21. Rxe6 Qf7 22. Qe2 {1-0 (22) Bintakies,M (2188)-Duraku,E Augsburg 2001}) 10. Bb2 d5 11. exd5 {The position is equal.} cxd5 12. c4 e4 13. cxd5 Nb6 14. Nc3 {[%cal Rc3e4]} Bg4 15. Qc2 Rc8 $1 $36 {[%mdl 2048] Black fights for an advantage.} 16. Rfe1 {[%cal Rd2e4]} Bf5 ({Don't play} 16... Nfxd5 $6 17. Ndxe4 Nb4 18. Qb1 $11) (16... Nbxd5 $17 17. Ndxe4 Nxe4 18. Rxe4 Nxc3 19. Bxc3 Bxd4 $1 {[%mdl 512]} 20. Rxd4 Qxd4 21. Qxg6+ hxg6 22. Bxd4 b6) 17. Ndxe4 (17. Qd1 $1 $15) 17... Nxe4 18. Bxe4 {[#]} Rxe4 $1 {[%mdl 512]} 19. Rxe4 (19. Nxe4 Rxc2) 19... Nxd5 20. Rae1 {And now Nxd5! would win.} Bxe4 21. Rxe4 Nxc3 22. Bxc3 {[#]} Qc7 $2 ({Better is} 22... Bxd4 $1 $19 {[%mdl 512]} 23. Ba5 (23. Rxd4 $2 Qxd4 24. Qxg6+ fxg6 $19) (23. Bxd4 Rxc2) 23... Rxc2 24. Bxd8 Bxf2+ 25. Kh1 Rxa2) 23. b4 $2 {[%mdl 8192]} (23. Qc1 $1 $11) 23... Bf8 (23... Kf8 $142 24. d5 Qxc3) 24. Re3 $19 {[#]} Bxb4 $1 {[%mdl 512]} 25. d5 (25. Bxb4 Qxc2) 25... Bxc3 26. d6 Qxd6 27. Rxc3 Rxc3 28. Qxc3 {[%mdl 4096] Endgame KQ-KQ} Qd1+ 29. Kg2 Qd5+ 30. Kg1 h5 (30... Qxa2 $19 31. Qc8+ Kg7 32. Qc3+ f6) 31. a3 $17 a5 32. h4 $2 (32. Kf1 $17) 32... a4 $19 33. Qc8+ Kg7 34. Qc3+ Kh7 $1 35. Qb4 b5 36. Qf8 (36. Kh2 $142 Qc4 37. Qe7) 36... Qb3 37. Kg2 b4 38. axb4 {[#]} a3 $1 {[%cal Ba4a3,Ba3a2][%mdl 32]} 39. b5 {[#]} a2 $1 40. Qa8 Qb1 {Precision: White = 24%, Black = 65%.} 0-1

[Event "Condigne Dutch Open 2018"]
[Site "Dieren"]
[Date "2018.08.01"]
[Round "8"]
[White "Evengroen, Henk-Jan"]
[Black "Saravanan, V.."]
[Result "0-1"]
[WhiteElo "2160"]
[BlackElo "2326"]
[Annotator "NA"]
[PlyCount "80"]
[EventDate "2018.07.24"]
[EventType "swiss"]
[EventCountry "NED"]
[SourceTitle "playchess.com"]
[Source "ChessBase"]
[SourceQuality "1"]
[TimeControl "40/5400+30:1800+30"]

1. d4 {[%emt 0:00:00]} Nf6 {[%emt 0:00:00]} 2. c4 {[%emt 0:00:00]} e6 {[%emt 0:00:00]} 3. Nc3 {[%emt 0:00:00]} Bb4 {[%emt 0:00:00]} 4. e3 {[%emt 0:00:00]} O-O {[%emt 0:00:00]} 5. Bd3 {[%emt 0:00:03]} c5 {[%emt 0:00:58]} 6. Nf3 {[%emt 0:01:12]} d5 {[%emt 0:00:07]} 7. O-O {[%emt 0:00:40]} Nc6 {[%emt 0:00:05]} 8. a3 {[%emt 0:00:17]} Bxc3 {[%emt 0:00:09]} 9. bxc3 {[%emt 0:00:04]} dxc4 {[%emt 0:00:07]} 10. Bxc4 {[%emt 0:00:02]} Qc7 {[%emt 0:00:08]} 11. Bb2 {[%emt 0:15:44]} e5 {[%emt 0:00:38]} 12. Be2 {[%emt 0:10:49]} Rd8 {[%emt 0:16:22]} 13. Qc2 {[%emt 0:10:32]} Bg4 {[%emt 0:02:21]} 14. h3 {[%emt 0:09:44]} Bh5 {[%emt 0:02:35]} 15. Nxe5 {[%emt 0:05:05]} Bxe2 {[%emt 0:06:06]} 16. Qxe2 {[%emt 0:00:22]} Nxe5 {[%emt 0:00:06]} 17. dxe5 {[%emt 0:00:02]} Qxe5 {[%emt 0:00:09]} 18. c4 {[%emt 0:00:30]} Qe6 {[%emt 0:01:10]} 19. Rfd1 {[%emt 0:07:57]} b6 {[%emt 0:18:37]} 20. Qf3 {[%emt 0:06:44]} Ne4 {[%emt 0:03:26]} 21. Qf4 {[%emt 0:02:23]} Qxc4 {[%emt 0:10:14]} 22. f3 {[%emt 0:01:19]} Qe2 {[%emt 0:02:40]} 23. Rxd8+ {[%emt 0:00:43]} Rxd8 {[%emt 0:00:06]} 24. Rb1 {[%emt 0:04:46]} Nc3 {[%emt 0:12:00]} 25. Bxc3 {[%emt 0:12:44]} Qc2 {[%emt 0:01:25]} 26. Bxg7 {[%emt 0:00:05]} Qxb1+ {[%emt 0:07:53]} 27. Kh2 {[%emt 0:00:13]} Qg6 {[%emt 0:00:35]} 28. Bf6 {[%emt 0:00:05]} Re8 {[%emt 0:01:08]} 29. Qd6 {[%emt 0:06:21]} Rf8 {[%emt 0:02:59]} 30. Qe5 {[%emt 0:01:06]} h6 {[%emt 0:03:56]} 31. f4 {[%emt 0:00:17]} Kh7 {[%emt 0:00:27]} 32. f5 {[%emt 0:00:34]} Qg8 {[%emt 0:00:13]} 33. g4 {[%emt 0:01:38]} Ra8 {[%emt 0:01:20]} 34. Qe4 {[%emt 0:01:10]} Qe8 {[%emt 0:03:47]} 35. Be7 {[%emt 0:01:06]} f6 {[%emt 0:00:34]} 36. Qb7 {[%emt 0:00:49]} Qb8+ {[%emt 0:00:33]} 37. Qxb8 {[%emt 0:00:11]} Rxb8 {[%emt 0:00:04]} 38. Bxf6 {[%emt 0:00:03]} Re8 {[%emt 0:01:09]} 39. g5 {[%emt 0:00:23]} hxg5 {[%emt 0:00:06]} 40. Bxg5 {[%emt 0:00:03]} Re5 {[%emt 0:00:10]} 0-1

[Event "Condigne Dutch Open 2018"]
[Site "Dieren"]
[Date "2018.08.01"]
[Round "8"]
[White "Van Roon, Sjoerd"]
[Black "Krishnater Kushager"]
[Result "0-1"]
[WhiteElo "2100"]
[BlackElo "2209"]
[Annotator "NA"]
[PlyCount "66"]
[EventDate "2018.07.24"]
[EventType "swiss"]
[EventCountry "NED"]
[SourceTitle "playchess.com"]
[Source "ChessBase"]
[SourceQuality "1"]
[TimeControl "40/5400+30:1800+30"]

1. e4 {[%emt 0:00:00]} e5 {[%emt 0:00:00]} 2. Nf3 {[%emt 0:00:00]} Nc6 {[%emt 0:00:00]} 3. Bc4 {[%emt 0:00:00]} Bc5 {[%emt 0:00:00]} 4. d3 {[%emt 0:00:15]} Nf6 {[%emt 0:00:00]} 5. c3 {[%emt 0:00:30]} a6 {[%emt 0:00:00]} 6. a4 {[%emt 0:00:04]} d6 {[%emt 0:00:49]} 7. O-O {[%emt 0:01:32]} O-O {[%emt 0:00:09]} 8. Bg5 {[%emt 0:00:28]} Be6 {[%emt 0:03:22]} 9. Nbd2 {[%emt 0:02:08]} a5 {[%emt 0:04:55]} 10. Qb3 {[%emt 0:16:44]} Qd7 {[%emt 0:01:39]} 11. Bxf6 {[%emt 0:01:42]} gxf6 {[%emt 0:00:11]} 12. Nh4 {[%emt 0:01:20]} Kh8 {[%emt 0:05:09]} 13. Kh1 {[%emt 0:00:19]} Rg8 {[%emt 0:02:32]} 14. f4 {[%emt 0:14:16]} Be3 {[%emt 0:00:56]} 15. f5 {[%emt 0:00:27]} Bxc4 {[%emt 0:00:20]} 16. Nxc4 {[%emt 0:00:21]} Bg5 {[%emt 0:06:45]} 17. Nf3 {[%emt 0:02:37]} Bh6 {[%emt 0:00:36]} 18. Qb5 {[%emt 0:08:27]} Rgd8 {[%emt 0:07:56]} 19. Ne1 {[%emt 0:08:17]} d5 {[%emt 0:03:04]} 20. exd5 {[%emt 0:04:01]} Qxd5 {[%emt 0:00:22]} 21. Qxb7 {[%emt 0:04:37]} e4 {[%emt 0:11:12]} 22. Qxc7 {[%emt 0:03:02]} Ra7 {[%emt 0:00:33]} 23. Qg3 {[%emt 0:09:47]} exd3 {[%emt 0:00:12]} 24. b3 {[%emt 0:00:14]} d2 {[%emt 0:09:10]} 25. Nf3 {[%emt 0:01:05]} d1=Q {[%emt 0:00:11]} 26. Raxd1 {[%emt 0:00:08]} Qxd1 {[%emt 0:00:03]} 27. Rxd1 {[%emt 0:00:23]} Rxd1+ {[%emt 0:00:03]} 28. Ng1 {[%emt 0:00:08]} Re7 {[%emt 0:00:02]} 29. h3 {[%emt 0:08:58]} Ree1 {[%emt 0:01:02]} 30. Qf3 {[%emt 0:02:19]} Rxg1+ {[%emt 0:00:26]} 31. Kh2 {[%emt 0:00:04]} Rdf1 {[%emt 0:00:14]} 32. Qxc6 {[%emt 0:05:14]} Bf4+ {[%emt 0:00:05]} 33. g3 {[%emt 0:00:02]} Bxg3# {[%emt 0:00:03]} 0-1

[Event "Condigne Dutch Open 2018"]
[Site "Dieren"]
[Date "2018.08.02"]
[Round "9"]
[White "Van den Doel, Erik"]
[Black "Reinderman, Dimitri"]
[Result "1/2-1/2"]
[WhiteElo "2593"]
[BlackElo "2575"]
[Annotator "TA"]
[PlyCount "40"]
[EventDate "2018.07.24"]
[EventType "swiss"]
[EventCountry "NED"]
[SourceTitle "playchess.com"]
[Source "ChessBase"]
[SourceQuality "1"]

{[%evp 28,40,11,8,6,8,14,14,11,13,11,12,11,10,30]} 1. e4 c5 2. Nf3 Nc6 3. d4 cxd4 4. Nxd4 Nf6 5. Nc3 e5 6. Ndb5 {[%cal Bd4b5,Bb5a3,Ba3c2,Bc2b4,Bb4d5][%mdl 32]} d6 7. Bg5 a6 8. Na3 b5 9. Nd5 Be7 10. Bxf6 Bxf6 11. c3 Ne7 12. Nc2 Nxd5 13. Qxd5 Rb8 14. Nb4 {B33: Sicilian: Pelikan and Sveshnikov Variations} O-O (14... Bb7 15. Qd3 O-O 16. Be2 a5 17. Nd5 b4 18. O-O bxc3 19. bxc3 Bg5 20. Rab1 Qd7 21. Rb3 Bc6 22. Rfb1 Rxb3 23. Rxb3 g6 24. Rb6 Rc8 25. h3 Bxd5 26. Qxd5 Rxc3 27. Rxd6 Qe7 28. Bd1 Rc7 29. g3 Kg7 30. Ba4 Bc1 31. Rc6 {½-½ (31) Giri,A (2793)-Carlsen,M (2853) Saint Louis 2015}) 15. Qd3 {LiveBook: 5 Games. With the idea Nc6.The position is equal.} Qd7 16. Be2 Bg5 17. O-O a5 $146 ({Predecessor:} 17... Bb7 18. Rad1 Rfd8 19. Nd5 Qe6 20. g3 Rbc8 21. Qf3 g6 {½-½ (45) Vocaturo,D (2410)-Nakhapetiane,P (2418) Herceg Novi 2006}) 18. Nd5 Qb7 19. b4 axb4 20. Nxb4 Rd8 1/2-1/2

[Event "Condigne Dutch Open 2018"]
[Site "Dieren"]
[Date "2018.08.02"]
[Round "9"]
[White "Ivanisevic, Ivan"]
[Black "Vrolijk, Liam"]
[Result "1/2-1/2"]
[WhiteElo "2567"]
[BlackElo "2419"]
[Annotator "TA"]
[PlyCount "59"]
[EventDate "2018.07.24"]
[EventType "swiss"]
[EventCountry "NED"]
[SourceTitle "playchess.com"]
[Source "ChessBase"]
[SourceQuality "1"]

{[%evp 21,59,0,2,-13,-4,-28,-29,-33,-28,-32,-20,-15,-25,-16,-16,-27,-22,-39,-25,-37,8,0,669,127,122,0,0,0,0,0,0,0,0,0,0,0,0,0,0,0]} 1. d4 Nf6 2. c4 e6 3. Nf3 d5 4. Nc3 dxc4 5. e3 a6 6. Bxc4 b5 7. Bb3 Bb7 8. O-O {D26: Queen's Gambit Accepted: 4 e3 e6 5 Bxc5 c5 sidelines} Nbd7 9. Re1 c5 10. e4 cxd4 11. Nxd4 Ne5 {LiveBook: 9 Games} 12. Nd5 Nfd7 $146 ({Predecessor:} 12... Bc5 13. Bf4 exd5 14. exd5 O-O 15. Rxe5 Bd6 {1-0 (26) Ivanisevic,I (2595)-Miladinovic,I (2605) Zlatibor 2007}) 13. Bg5 Qxg5 14. Nc7+ Ke7 {White must now prevent ...Rc8.} 15. Nxa8 Bxa8 16. Rc1 {Rc8 is the strong threat.} g6 $1 17. g3 $1 Qh5 {aiming for ...Qxd1.} 18. Qd2 {Hoping for f4.} ({Much weaker is} 18. Qxh5 gxh5 19. Rc7 Bg7 $17) 18... Bh6 19. Qb4+ Kf6 20. Rc7 {Threatens to win with Bd1.} Nd3 (20... Rd8 $5 {[%cal Re5d3]} 21. Bd1 Bf8 $11) 21. Qd6 Nxe1 $4 {[%mdl 8192]} (21... Bf4 $11 22. gxf4 Qg4+ 23. Kf1 Nxf4) 22. Rxd7 $2 (22. Bxe6 $18 Kg7 23. Qxd7 Nf3+ 24. Nxf3 Qxf3 25. Qd4+ Kg8 26. Bxf7+ Qxf7 27. Rxf7 Kxf7 28. Qxh8 Bxe4 29. Qd4) 22... Re8 $16 {[#]} 23. e5+ $1 {[%mdl 512]} Kg7 $11 {[#] ( -> ...Qh3). The position is equal.} (23... Qxe5 24. Rxf7+) 24. Rxf7+ $1 {[%mdl 512]} Kxf7 25. Bxe6+ {[#]} Rxe6 $1 26. Qxe6+ (26. Nxe6 Nf3+) 26... Kg7 27. Qd7+ Kg8 28. Qe6+ Kg7 $1 29. Qd7+ Kg8 30. Qe6+ 1/2-1/2

[Event "Condigne Dutch Open 2018"]
[Site "Dieren"]
[Date "2018.08.02"]
[Round "9"]
[White "Krysa, Leandro"]
[Black "Beukema, Jasper"]
[Result "1-0"]
[WhiteElo "2533"]
[BlackElo "2299"]
[Annotator "TA"]
[PlyCount "75"]
[EventDate "2018.07.24"]
[EventType "swiss"]
[EventCountry "NED"]
[SourceTitle "playchess.com"]
[Source "ChessBase"]
[SourceQuality "1"]

{[%evp 14,75,0,0,0,-29,103,103,88,96,100,85,97,100,100,94,72,71,729,740,665,689,652,402,396,403,404,379,406,400,389,374,429,431,418,409,568,543,597,594,648,635,643,641,770,757,699,671,1349,1280,1347,1172,12841,12841,2824,1924,2781,2704,29984,29986,29990,12844,29991,29992]} 1. c4 e6 2. Nc3 d5 3. e3 Nf6 4. Nf3 Be7 5. b3 O-O 6. Bb2 c5 7. cxd5 Nxd5 8. Qc2 {LiveBook: 21 Games. A13: English Opening: 1...e6} (8. Nxd5 exd5 9. d4 cxd4 10. Qxd4 Bf6 11. Qd2 Nc6 12. Be2 Bxb2 13. Qxb2 Qa5+ 14. Qd2 Qxd2+ 15. Kxd2 Bg4 {½-½ (54) Svidler,P (2753)-Yu,Y (2759) Shenzhen 2018}) 8... b6 9. h4 Ba6 $146 {[#]} (9... h6 $11 {remains equal.}) ({Predecessor:} 9... h6 10. a3 Bb7 11. Be2 Nc6 12. g4 Ne5 13. Nxe5 Nxc3 14. Qxc3 Bxh1 15. O-O-O Bd5 {1-0 (28) Homa,S (2326)-Der Manuelian,H (2098) Philadelphia 2017}) 10. Ng5 $1 $16 {[%csl Gg5][%cal Rc2h7] White is better.} g6 11. Nxd5 exd5 {[#]} 12. Nxh7 $1 ({Much worse is} 12. Qc3 $6 d4 $11) ({But not} 12. Bxa6 $6 Nxa6 13. Qc3 d4 $15) 12... Kxh7 13. h5 $40 {[%mdl 128] Intending hxg6+ and mate. White is out for blood.} f5 {...g5 is the strong threat.} 14. hxg6+ Kxg6 15. g4 Kf7 $2 {[%mdl 8192]} (15... Bxf1 $16 16. gxf5+ Rxf5) 16. Qxf5+ $18 Ke8 17. Qh5+ Rf7 18. Bxa6 Nxa6 19. Qg6 Bf6 20. Rh7 {[%csl Gh7][%cal Rg6f7]} Qe7 21. Rxf7 Qxf7 22. Qxf6 Qxf6 23. Bxf6 {[%mdl 4096] Endgame KRB-KRN} Kf7 24. g5 d4 25. Ke2 Nb4 26. f4 Re8 27. Rh1 Nd5 28. Be5 b5 29. Kf3 dxe3 30. dxe3 c4 31. bxc4 bxc4 32. Ke4 Nb4 33. Rh7+ Kg6 34. Rh6+ Kf7 35. g6+ {[%cal Bg5g6,Bg6g7][%mdl 32]} Ke7 36. Rh7+ Kf8 37. Rh8+ Ke7 38. g7 {Precision: White = 92%, Black = 40%.} 1-0

[Event "Condigne Dutch Open 2018"]
[Site "Dieren"]
[Date "2018.08.02"]
[Round "9"]
[White "Lobanov, Sergei"]
[Black "Anand Nadar"]
[Result "1-0"]
[WhiteElo "2521"]
[BlackElo "2346"]
[Annotator "TA"]
[PlyCount "57"]
[EventDate "2018.07.24"]
[EventType "swiss"]
[EventCountry "NED"]
[SourceTitle "playchess.com"]
[Source "ChessBase"]
[SourceQuality "1"]

{[%evp 12,57,0,2,61,-9,50,0,15,8,7,6,25,25,23,-7,0,-12,-8,-16,6,0,26,28,29,33,79,82,77,79,81,43,81,84,239,84,252,11,116,-652,-645,-29993,-29994,-29995,-29994,-29995,-29994,-29996]} 1. e4 e5 2. Bc4 Nf6 3. d3 Bc5 4. Nc3 Nc6 5. f4 d6 6. Nf3 Na5 7. Bb3 {LiveBook: 8 Games. C30: King's Gambit Declined} (7. f5 a6 8. a3 Nxc4 9. dxc4 b5 10. b4 Bb6 11. c5 Ba7 12. Bg5 Bb7 13. Nd5 Bxd5 14. Bxf6 Qxf6 15. Qxd5 O-O {0-1 (51) Rudolf,A (2286)-Jones,G (2668) Douglas 2017}) 7... c6 (7... O-O $11) 8. Qe2 ({White should try} 8. Na4 $14) 8... Bg4 $146 (8... exf4 $11 9. Bxf4 O-O) ({Predecessor:} 8... Qc7 9. fxe5 dxe5 10. Bg5 Qd6 11. O-O-O Nxb3+ 12. axb3 Bg4 13. h3 Bxf3 14. Qxf3 Nd7 {½-½ (34) Cardoso,C-Rios Filho,H Rio de Janeiro 1994}) 9. fxe5 {White is slightly better.} (9. Na4 {feels hotter.} Nxb3 10. axb3 Bb4+ 11. c3 Ba5 12. fxe5 dxe5 13. b4) 9... Nxb3 10. axb3 dxe5 11. Be3 Bxe3 (11... Bb6 {keeps more tension.} 12. Qf2 Bxf3 13. gxf3 Nd7 14. Rg1 O-O) 12. Qxe3 Bxf3 13. Qxf3 (13. gxf3 {looks sharper.} Nh5 14. Ne2 a6 15. O-O-O O-O 16. d4) 13... O-O 14. O-O Nd7 15. Qf2 a6 16. Nd1 g6 17. Ne3 Qe7 18. Qg3 a5 19. Rf2 Kh8 20. h4 {[%cal Bh2h4,Bh4h5][%mdl 32]} b5 21. h5 a4 22. bxa4 Ra7 $2 {[#]} (22... bxa4 $16 {is a better defense.} 23. Raf1 Rab8) 23. Rd1 $2 (23. a5 $18 {is more deadly.}) 23... Raa8 $2 (23... bxa4 $16 24. Nc4 Rg8) 24. Ng4 $2 ({Only move:} 24. axb5 $18 cxb5 25. Nd5) 24... Qg5 (24... f5 $11 25. Nh2 gxh5) 25. Rxf7 $2 {[%mdl 8192]} (25. axb5 $16 cxb5 26. Qh3) 25... Rxf7 $19 26. Nf6 Qxg3 {Black mates.} 27. c4 bxc4 28. Rc1 gxh5 29. Rc2 {[%mdl 32768] Precision: White = 33%, Black = 25%. . Loss on Time!?} 1-0

[Event "Condigne Dutch Open 2018"]
[Site "Dieren"]
[Date "2018.08.02"]
[Round "9"]
[White "Hausrath, Daniel"]
[Black "Bosboom, Manuel"]
[Result "1/2-1/2"]
[WhiteElo "2495"]
[BlackElo "2403"]
[Annotator "TA"]
[PlyCount "37"]
[EventDate "2018.07.24"]
[EventType "swiss"]
[EventCountry "NED"]
[SourceTitle "playchess.com"]
[Source "ChessBase"]
[SourceQuality "1"]

{[%evp 15,37,13,26,0,3,0,20,14,16,0,0,-29,-29,-45,-45,-45,-45,-48,-35,-45,-36,-61,-43,-61]} 1. Nf3 Nf6 2. g3 g6 3. Bg2 Bg7 4. O-O O-O 5. d4 d6 6. Re1 Nbd7 7. e4 e5 8. Nc3 Re8 {LiveBook: 54 Partien. B07: Pirc-Ufimzew-Verteidigung} 9. dxe5 (9. h3 c6 10. a4 b6 11. Bg5 Bb7 12. Qd2 Qc7 13. Rad1 a6 14. dxe5 dxe5 15. Qd6 Qxd6 16. Rxd6 h6 17. Bxf6 Nxf6 18. Nd2 {½-½ (80) Kramnik,V (2792)-Grischuk,A (2766) Paris 2018}) 9... dxe5 10. a4 a5 {Die Stellung ist ausgeglichen.} 11. Nb5 b6 12. Ra3 $146 ({Vorgänger:} 12. Bg5 Ba6 13. Bxf6 Bxf6 14. Bf1 Bb7 15. c3 Nc5 16. Qc2 Qe7 {0-1 (27) Theotokatos,D-Ibragimov,I (2550) Ano Liosia 1993}) 12... Ba6 13. Bg5 Qb8 14. Qc1 Nc5 {Schwarz steht etwas besser.} 15. Nc3 c6 16. Bh6 Ne6 17. Bxg7 Kxg7 18. Ra1 Qc7 19. Rb1 {Precision: Weiß = 17%, Schwarz = 65%.} 1/2-1/2

[Event "Condigne Dutch Open 2018"]
[Site "Dieren"]
[Date "2018.08.02"]
[Round "9"]
[White "Van Foreest, Lucas"]
[Black "Chanda, Sandipan"]
[Result "*"]
[WhiteElo "2488"]
[BlackElo "2548"]
[Annotator "RC"]
[PlyCount "20"]
[EventDate "2018.07.24"]
[EventType "swiss"]
[EventCountry "NED"]
[SourceTitle "playchess.com"]
[Source "ChessBase"]
[SourceQuality "1"]
[TimeControl "40/5400+30:1800+30"]

1. d4 {[%emt 0:00:00]} f5 {[%emt 0:00:00]} 2. Nc3 {[%emt 0:00:00]} Nf6 {[%emt 0:00:04]} 3. Bg5 {[%emt 0:00:00]} d5 {[%emt 0:00:12]} 4. e3 {[%emt 0:00:00]} e6 {[%emt 0:00:22]} 5. Nf3 {[%emt 0:00:00]} Be7 {[%emt 0:00:22]} 6. Bd3 {[%emt 0:00:06]} O-O {[%emt 0:00:36]} 7. O-O {[%emt 1:33:24]} h6 {[%emt 0:01:11]} 8. Bh4 {[%emt 0:01:38]} Nbd7 {[%emt 0:04:14]} 9. Ne2 {[%emt 1:32:13]} g5 {[%emt 0:01:38]} 10. Bg3 {[%emt 0:00:46]} Nh5 {[%emt 0:00:54]} *